Vegetable oils and fats /

Saved in:
Bibliographic Details
Other Authors: Vossen, H. A. M. van der., Umali, B. E.
Format: Book
Language:English
Published: Leiden : Backhuys, 2001.
Series:Plant resources of South-East Asia (Leiden, Netherlands) ; no. 14.
Subjects:
Tags: Add Tag
No Tags, Be the first to tag this record!
LEADER 01210cam a2200361Ia 4500
001 008819869-3
005 20020606104010.5
008 011207s2001 ne ab b 001 0 eng d
020 |a 9057820951 (hd.bd.) 
035 0 |a ocn237534015 
035 0 |a ocm48560691 
040 |a OHX  |b ger  |c OHX  |d VXG  |d BOH 
041 0 |a englatvie 
043 |a as----- 
072 7 |a SB  |2 lcco 
072 7 |a QK  |2 lcco 
072 7 |a TP  |2 lcco 
090 |a SB298.5.A785  |b V44 2001x 
090 |a SB298.5.A785  |b V44 2001 
245 0 0 |a Vegetable oils and fats /  |c H.A.M. van der Vossen and B.E. Umali (editors). 
260 |a Leiden :  |b Backhuys,  |c 2001. 
300 |a 229 p. :  |b ill., 1 map ;  |c 27 cm. 
490 1 |a Plant resources of South-East Asia (Leiden, Netherlands) ;  |v no. 14 
500 |a "PROSEA"--Cover. 
504 |a Includes bibliographical references (p. [179]-189) and indexes. 
546 |a Indexes of plant names in Latin and in Vietnamese. 
650 0 |a Vegetable oils  |z Southeast Asia. 
650 0 |a Oils and fats  |z Southeast Asia. 
700 1 |a Vossen, H. A. M. van der. 
700 1 |a Umali, B. E. 
830 0 |a Plant resources of South-East Asia (Leiden, Netherlands) ;  |v no. 14. 
988 |a 20020608 
906 |0 OCLC